Déficit de atención con hiperactividad : fundamentos y estrategias para el manejo docente en el salón de clases /

Exposición sobre las características del déficit de atención e hiperactividad (DAH), sus procesos de detección y diagnóstico y de acciones y estrategias que puede implementar el maestro para alumnos(as) que padecen este trastorno.

Guardado en:
Bibliografiske detaljer
Hovedforfatter: Frade Rubio, Laura (autor)
Format: Bog
Sprog:spansk
Udgivet: México : Fundación Cultural Federico Hoth, 2010, c2010
Fag:
Tags: Tilføj Tag
Ingen Tags, Vær først til at tagge denne postø!

MARC

LEADER 00000nam^a2200000^a^4500
001 000348054
005 20250521000000.0
009 20260310114832.166
020 |a 978-607-7880-02-8 
037 |a Acervo ITESO - Biblioteca 
041 |a ESP 
082 |a 371. 94  |b FRA 
100 |a Frade Rubio, Laura  |e (autor) 
245 1 0 |a Déficit de atención con hiperactividad :  |b fundamentos y estrategias para el manejo docente en el salón de clases /  |c L. Frade Rubio ; presen. de María Elena Frade Rubio. 
264 4 |a México :  |b Fundación Cultural Federico Hoth,  |c 2010, c2010 
300 |a 268 p. 
336 |a texto  |b txt  |2 rdacontenido 
337 |a sin mediación  |b n  |2 rdamedio 
338 |a volumen  |b nc  |2 rdasoporte 
520 |a Exposición sobre las características del déficit de atención e hiperactividad (DAH), sus procesos de detección y diagnóstico y de acciones y estrategias que puede implementar el maestro para alumnos(as) que padecen este trastorno. 
649 |a XX 
650 |a Déficit de Atención -  |x Tema Principal 
650 |a Atención 
650 |a Memoria 
650 |a Problemas de Aprendizaje 
650 |a Didáctica -  |x Tema Principal 
650 |a Metodología Educativa 
650 |a Proceso Educativo 
650 |a Lectoescritura 
650 |a Matemáticas -  |x Tema Principal 
650 |a Psicología Cognitiva 
650 |a Psicología Educativa 
650 |a Educación Primaria 
910 |a Fondo General 
920 |a Impresos - Libros 
930 |a Colección General 
905 |a 101 
901 |a 0500238012  |b IT1  |c ACC  |i C142623  |u 20250521 
902 |a https://opac.biblio.iteso.mx/vufind/Record/000348054